Score 0/220 Timer 20:00
43 Plays Today
Team Player % Correct
Liverpool '20Mohamed Salah
97.8%
Liverpool '20Sadio Mané
97.4%
Man City '19Sergio Agüero
96.3%
Liverpool '20Roberto Firmino
96.2%
Liverpool '20Virgil van Dijk
95.9%
Liverpool '20Alisson Becker
95.8%
Liverpool '20Jordan Henderson
95.5%
Liverpool '20Andrew Robertson
94.7%
Man City '12Sergio Agüero
93.8%
Liverpool '20Trent Alexander-Arnold
93.6%
Man City '19David Silva
93.3%
Man City '19Ederson
93.2%
Leicester City '16Jamie Vardy
93.1%
Man City '19Bernardo Silva
93.1%
Man City '18Bernardo Silva
92.4%
Man United '09Wayne Rooney
92.2%
Man United '08Wayne Rooney
92.2%
Man United '07Wayne Rooney
92.2%
Chelsea '10John Terry
92.2%
Chelsea '06John Terry
92.2%
Chelsea '05John Terry
92.2%
Man City '18Ederson
91.7%
Chelsea '15John Terry
91.6%
Chelsea '15Willian
91.6%
Man City '12Joe Hart
91%
Man United '13Wayne Rooney
90.9%
Chelsea '10Petr Čech
90.7%
Chelsea '06Petr Čech
90.7%
Chelsea '05Petr Čech
90.7%
Chelsea '10Didier Drogba
90.4%
Chelsea '06Didier Drogba
90.4%
Chelsea '05Didier Drogba
90.4%
Man City '14Joe Hart
90.2%
Man City '12Vincent Kompany
89.7%
Man City '14Vincent Kompany
89.6%
Leicester City '16Kasper Schmeichel
89.3%
Man United '09Rio Ferdinand
89.2%
Man United '09Ryan Giggs
89.2%
Man United '08Rio Ferdinand
89.2%
Man United '08Ryan Giggs
89.2%
Man United '07Rio Ferdinand
89.2%
Man United '03Rio Ferdinand
89.2%
Man United '01Ryan Giggs
89.2%
Man United '07Ryan Giggs
89.2%
Man United '03Ryan Giggs
89.2%
Man United '09Edwin van der Sar
88.9%
Man United '08Edwin van der Sar
88.9%
Man United '07Edwin van der Sar
88.9%
Man City '19Kyle Walker
88.9%
Chelsea '10Ashley Cole
88.9%
Arsenal '04Ashley Cole
88.9%
Arsenal '02Ashley Cole
88.9%
Chelsea '17N'Golo Kanté
88.8%
Chelsea '15Eden Hazard
88.7%
Man City '19Raheem Sterling
88.7%
Chelsea '10Joe Cole
88.7%
Man United '07Paul Scholes
88.7%
Chelsea '06Joe Cole
88.7%
Chelsea '05Joe Cole
88.7%
Man United '03Paul Scholes
88.7%
Man United '01Paul Scholes
88.7%
Chelsea '15Didier Drogba
88.6%
Man United '08Paul Scholes
88.6%
Chelsea '17Eden Hazard
88.5%
Leicester City '16N'Golo Kanté
88.5%
Liverpool '20Joe Gomez
88.5%
Man United '13Rio Ferdinand
88.1%
Leicester City '16Riyad Mahrez
87.9%
Man United '13David De Gea
87.9%
Chelsea '15Thibaut Courtois
87.9%
Man City '12David Silva
87.7%
Chelsea '17Thibaut Courtois
87.6%
Man City '18Kyle Walker
87.6%
Chelsea '10Frank Lampard
87.4%
Team Player % Correct
Chelsea '06Frank Lampard
87.4%
Chelsea '05Frank Lampard
87.4%
Arsenal '04Thierry Henry
87.4%
Arsenal '02Thierry Henry
87.4%
Liverpool '20Fabinho
87.3%
Man City '18Raheem Sterling
87.1%
Man City '19John Stones
86.8%
Man United '09Nemanja Vidić
86.4%
Man United '08Nemanja Vidić
86.4%
Man United '07Nemanja Vidić
86.4%
Man City '18Gabriel Jesus
86.4%
Man City '18Kevin De Bruyne
85.9%
Man City '18John Stones
85.8%
Man United '13Nemanja Vidić
85.2%
Liverpool '20Georginio Wijnaldum
84.6%
Man United '09Cristiano Ronaldo
84.2%
Man United '08Cristiano Ronaldo
84.2%
Man United '07Cristiano Ronaldo
84.2%
Man City '19Fernandinho
83.9%
Man United '11Wayne Rooney
83.7%
Chelsea '17Diego Costa
83.7%
Man City '19Aymeric Laporte
83.4%
Man United '01Gary Neville
82.9%
Man United '01Phil Neville
82.7%
Man City '18Fernandinho
82.6%
Man City '12Yaya Touré
81.4%
Man United '11Rio Ferdinand
81.1%
Man United '11Ryan Giggs
80.9%
Chelsea '15Gary Cahill
80.8%
Leicester City '16Danny Drinkwater
80.7%
Man City '18Nicolás Otamendi
80.7%
Man United '11Edwin Van der Sar
80.7%
Man United '13Robin van Persie
80.6%
Man United '09Patrice Evra
80.5%
Man United '08Patrice Evra
80.5%
Man United '07Patrice Evra
80.5%
Man City '14Yaya Touré
80.1%
Leicester City '16Wes Morgan
80%
Man United '03David Beckham
79.7%
Man United '01David Beckham
79.7%
Man United '11Nemanja Vidić
78.7%
Man City '18Leroy Sané
78.6%
Man City '19Leroy Sané
78.5%
Man United '13Patrice Evra
78.5%
Chelsea '17Gary Cahill
78.5%
Man United '09Michael Carrick
78.5%
Man United '08Michael Carrick
78.5%
Man United '07Michael Carrick
78.5%
Man City '12Edin Džeko
78.2%
Arsenal '04Gilberto Silva
77.9%
Arsenal '02David Seaman
77.6%
Man United '13Michael Carrick
77.2%
Arsenal '04Dennis Bergkamp
77.1%
Man City '14Edin Džeko
76.7%
Chelsea '17David Luiz
75.5%
Chelsea '17César Azpilicueta
75.3%
Leicester City '16Robert Huth
75.3%
Chelsea '15César Azpilicueta
75.1%
Chelsea '15Cesc Fàbregas
74.8%
Man United '11Patrice Evra
73.2%
Arsenal '04Kolo Touré
72.9%
Arsenal '04Robert Pires
71.9%
Arsenal '02Robert Pires
71.9%
Man City '14Fernandinho
71.9%
Man United '11Michael Carrick
71.6%
Leicester City '16Shinji Okazaki
71.4%
Man United '09Carlos Tevez
71.3%
Man United '08Carlos Tevez
71.3%
Man United '01Roy Keane
70.5%
Arsenal '04Jens Lehmann
70.3%
Man City '19Oleksandr Zinchenko
69.8%
Man City '14Pablo Zabaleta
69.6%
Man United '03Ruud van Nistelrooy
69.3%
Leicester City '16Christian Fuchs
68.9%
Team Player % Correct
Chelsea '10Branislav Ivanović
68.9%
Chelsea '15Branislav Ivanović
68.4%
Leicester City '16Marc Albrighton
68.3%
Chelsea '15Nemanja Matić
68.2%
Arsenal '04Patrick Vieira
68.1%
Arsenal '02Patrick Vieira
68.1%
Chelsea '17Marcos Alonso
67.3%
Leicester City '16Danny Simpson
67.2%
Man United '03Fabien Barthez
66.9%
Man United '01Fabien Barthez
66.9%
Chelsea '10Nicolas Anelka
66.1%
Man City '12Gaël Clichy
65.9%
Man United '13Rafael
65.6%
Man United '13Antonio Valencia
64.4%
Chelsea '17Nemanja Matić
64.4%
Arsenal '04Sol Campbell
62.8%
Arsenal '02Sol Campbell
62.8%
Man United '11Dimitar Berbatov
62.6%
Chelsea '17Pedro
62.5%
Chelsea '10Ricardo Carvalho
61.8%
Chelsea '05Ricardo Carvalho
61.8%
Chelsea '15Oscar
61.4%
Man United '08Wes Brown
60.8%
Man United '03Wes Brown
60.8%
Man United '01Wes Brown
60.8%
Man United '01Teddy Sheringham
60.4%
Man United '09John O'Shea
60.1%
Man United '07John O'Shea
60.1%
Man United '03John O'Shea
60.1%
Man United '09Darren Fletcher
60.1%
Man United '11Nani
60%
Man United '03Ole Gunnar Solskjær
58.8%
Man United '01Ole Gunnar Solskjær
58.8%
Man City '14Aleksander Kolarov
58.2%
Arsenal '04Fredrik Ljungberg
58.2%
Arsenal '02Fredrik Ljungberg
58.2%
Man United '13Ashley Young
57.7%
Chelsea '17Victor Moses
56.3%
Chelsea '10Florent Malouda
56%
Man City '12Samir Nasri
55.7%
Chelsea '06Michael Essien
55.2%
Arsenal '02Martin Keown
54.5%
Man United '11Darren Fletcher
53.9%
Man United '11John O'Shea
53.7%
Man City '14Samir Nasri
52.5%
Arsenal '04Lauren
52.2%
Arsenal '02Lauren
52.2%
Man City '14James Milner
50.7%
Chelsea '10Michael Ballack
50.6%
Man City '12Joleon Lescott
50.3%
Chelsea '06Damien Duff
49%
Chelsea '05Damien Duff
49%
Man City '12Micah Richards
48.1%
Chelsea '05Claude Makelele
47.9%
Chelsea '06Paulo Ferreira
47.4%
Chelsea '05Paulo Ferreira
47.4%
Arsenal '02Ray Parlour
46.1%
Man United '07Louis Saha
45.6%
Arsenal '02Sylvain Wiltord
45.5%
Man City '12Gareth Barry
45.5%
Man City '18Danilo
43.8%
Man City '14Alvaro Negredo
42.9%
Chelsea '06William Gallas
41.8%
Chelsea '05William Gallas
41.8%
Man City '14Martin Demichelis
41.6%
Man United '03Juan Sebastian Veron
39.6%
Chelsea '05Eiður Guðjohnsen
38%
Man United '13Tom Cleverley
37.4%
Man United '03Mikael Silvestre
36.2%
Man United '01Mikael Silvestre
36.2%
Chelsea '06Hernan Crespo
36.1%
Chelsea '06Asier Del Horno
27.3%
Remove Ads.
Support Sporcle.
Get the best of Sporcle when you Go Orange. This ad-free experience offers more features, more stats, and more fun while also helping to support Sporcle. Thank you for becoming a member.

You're not logged in!

Compare scores with friends on all Sporcle quizzes.
OR
Log In

Sporcle TV

Today on Sporcle TV


Watch our educational content, quiz creation guides, and fun videos on Sporcle TV.

Show Comments

Extras

Top Quizzes Today


Score Distribution

Paid Content

Your Account Isn't Verified!

In order to create a playlist on Sporcle, you need to verify the email address you used during registration. Go to your Sporcle Settings to finish the process.

Report this User

Report this user for behavior that violates our Community Guidelines.

Details: